[Event "CRO-ch (Women)"]
[Site "Zagreb"]
[Date "2018.05.29"]
[Round "9"]
[White "Radikovic, Anamarija"]
[Black "Komljenovic, Kristina"]
[Result "1-0"]
[WhiteElo "1801"]
[BlackElo "1450"]
[PlyCount "67"]
[EventDate "2018.05.23"]
[EventType "swiss"]
[EventRounds "9"]
[EventCountry "CRO"]
[SourceTitle "CBM 184 Extra"]
[Source "ChessBase"]
[SourceDate "2018.06.28"]
[SourceVersion "1"]
[SourceVersionDate "2018.06.28"]
[SourceQuality "1"]

1. d4 e6 2. c4 d5 3. Nc3 Bb4 4. e3 Nf6 5. Bd3 0-0 6. Nge2 Nbd7 7. 0-0 c5 8. a3 Bxc3 9. Nxc3 cxd4 10. exd4 Nb6 11. c5 Nbd7 12. Bg5 h6 13. Bh4 a6 14. Bc2 Qc7 15. Bg3 Qd8 16. Qd3 Re8 17. Rfe1 b5 18. b4 Nf8 19. a4 Bd7 20. axb5 Bxb5 21. Nxb5 axb5 22. Qxb5 Rxa1 23. Rxa1 N6d7 24. c6 Qb6 25. Qa4 Nf6 26. b5 Rc8 27. Bd6 N8h7 28. Bc5 Qc7 29. b6 Qd8 30. c7 Qd7 31. Qxd7 Nxd7 32. Ra7 Nhf6 33. b7 Rxc7 34. Ra8+ 1-0

[Event "CRO-ch (Women)"]
[Site "Zagreb"]
[Date "2018.05.23"]
[Round "1"]
[White "Spiranec, Noemi"]
[Black "Komljenovic, Kristina"]
[Result "1-0"]
[WhiteElo "1946"]
[BlackElo "1450"]
[PlyCount "71"]
[EventDate "2018.05.23"]
[EventType "swiss"]
[EventRounds "9"]
[EventCountry "CRO"]
[SourceTitle "CBM 184 Extra"]
[Source "ChessBase"]
[SourceDate "2018.06.28"]
[SourceVersion "1"]
[SourceVersionDate "2018.06.28"]
[SourceQuality "1"]

1. d4 e6 2. c4 d5 3. Nf3 h6 4. g3 Nf6 5. Bg2 c6 6. 0-0 Bd6 7. Nc3 0-0 8. b3 b6 9. Qc2 Bb7 10. e4 dxe4 11. Nxe4 Nxe4 12. Qxe4 f5 13. Qxe6+ Kh8 14. Ne5 Bxe5 15. Qxe5 Nd7 16. Qe2 Re8 17. Qc2 Qf6 18. Bb2 Qf7 19. Rfd1 Rad8 20. d5 c5 21. Re1 Rxe1+ 22. Rxe1 Re8 23. Rxe8+ Qxe8 24. Qxf5 Kg8 25. Qe6+ Qxe6 26. dxe6 Bc8 27. Bb7 Kf8 28. Bxc8 Nb8 29. Be5 Nc6 30. Bd6+ Ne7 31. Kg2 Ke8 32. Bd7+ Kd8 33. Bxe7+ Kxe7 34. Kf3 g6 35. Ke4 Kd6 36. f4 1-0